000 01267nam a22002537a 4500
005 20080915150959.0
008 080915t xxu||||| |||| 00| 0 hin d
010 _aHIN-91454
020 _c450.00
035 _aHN-63800
037 _bDBAD / PUB
040 _aDPL
_bHN
082 _a
100 _aकल्याणराज, जी.
_925136
245 _aअछूता वसंत /
_cजी. कल्याणराव;वी. कृष्णा एवं के. लीलावती द्वारा अनुदित
260 _aसिकंदराबाद
_bनेशनल पब्लिशर्स
_c2010
270 _a17/ए, इंदिरापुरा रेलवे कॉलोनी, वेस्ट मारडपल्ली
_bसिकंदराबाद
_e500026
300 _a229पृ
_c22 सेमी(सजिल्द)
650 _91169
_aहिन्दी कथा साहित्य
700 _925138
_aकृष्णा, वी.
700 _aलीलावती, के.
_925157
942 _adpl
_cHN
_2ddc
_mकल्याण
_h
999 _c49691
_d49691